000 00324nam a2200121Ia 4500
008 190216s9999||||xx |||||||||||||| ||und||
100 _aVarma M M 
 Aggarwal R K
245 0 _aPersonnel Management And Industrial Relations
260 _bKing`S Books Delhi
_c1999
300 _a532 p
650 _aEconomics
942 _cBK
999 _c5657
_d5657